00349nam a22001097a 4500003000400000020001800004082001900022100003500041245008200076260007300158300000800231SGT a9788171247394 a891.4309bK10R aराय, विवेकी  aखिली हुई धुप में : काव्य समग्र  bविश्वविद्यालय प्रकाशन c2010 a336